00478nmm a2200157Ia 4500008004100000020001500041041000800056100003100064245007000095264004800165300001800213650001400231856005100245942000700296999001700303251105s9999||||xx |||||||||||||||||und|| a9580610347 aspa aAranguren Molina, Mauricio 0aNuestros grandes : Los diez colombianos más famosos en el mundo a[Bogotá, Colombia] :bOveja Negra, c2003 a255 páginas aBiography uhttps://public.digitaliapublishing.com/a/30129 cCF c74401d74401